The walking dead Personnage+Lieux Mort subite ! - Statistiques

Statistiques générales
  • Ce quiz a été pris 1 822 fois
    1 808 depuis la dernière actualisation
  • Le résultat moyen est 6 sur 18
Answers on the Grid
Answers color-coded by a green-red scale on the quiz's grid according to % correct below.
Alexandria
Rick Dixon
Carol Peletier
Caleb Subramanian
Hershel Rhee
Prison
Walter White
Dale Horvath
Madison Clark
Michonne
Michael Scofield
Glenn Greene
Colline
Glenn Rhee
Mika Samuels
Lizy Samuels
Klaus Mikaelson
Jesus
Rick Grimes
Trevor
Judith Grimes
jesse pinkman
Hershel Greene
Negan Smith
Harry Potter
Royaume
Aron
Simon
Shane Walsh
 
Statistiques - réponses
Réponse % Correct
Alexandria
75%
Prison
57%
Carol Peletier
50%
Michonne
50%
Hershel Rhee
44%
Dale Horvath
40%
Glenn Rhee
39%
Jesus
36%
Colline
32%
Rick Grimes
31%
Shane Walsh
30%
Judith Grimes
28%
Hershel Greene
25%
Negan Smith
23%
Royaume
22%
Simon
20%
Mika Samuels
11%
Caleb Subramanian
7%
Aucun quiz correspondant
Distribution des résultats
% des personnes avec chaque résultat
Percentile par nombre de réponses
Votre historique - résultats
Vous n’avez pas pris ce quiz depuis la dernière actualisation